• 首页
  • 本馆介绍
  • 公告通知
  • 最新文献
  • 馆藏检索
  • 电子资源
  • 读者导购
  • 参考咨询
  • 我的图书馆
  • 登录
  • 详细信息显示
  • 放入我的书架
  • 预约/预借图书
  • 作者相关作品
  • 分类相关作品
  • 丛书相关作品
  • 出版社相关作品

书目信息

  • 表格格式
  • 工作单格式
  • 卡片格式
题名:
晚清公司与公司治理
    
 
作者: 杨在军 著
分册:  
出版信息: 北京   商务印书馆  2006
页数: 309页
开本: 21cm
丛书名:
单 册:
中图分类: F279.295.2
科图分类:
主题词: 公司--企业管理--研究--中国--清后期 , 公司 , 企业管理
电子资源:
ISBN: 7-100-05193-2
000 01035nam0 2200301 450
000 00998nam0 2200289 450
000 01059nam0 2200289 450
001 003324677
005 20150323081408.54
010    @a7-100-05193-2@dCNY18.00
100    @a20061218d2006 em y0chiy50 ea
101 0  @achi
102    @aCN@b110000
105    @ay z 000yy
106    @ar
200 1  @a晚清公司与公司治理@9wan qing gong si yu gong si zhi li@f杨在军著
210    @a北京@c商务印书馆@d2006
215    @a309页@d21cm
300    @a河北经贸大学学术出版资金资助出版
330    @a本书研究的重点是洋务运动及至清末新政前的典型公司形态——官督商办公司的治理。另外还对特许公司、官商合办公司的治理现状进行了深入的研究。
606 0  @a公司@x企业管理@x研究@y中国@z清后期
606 0  @a公司
606 0  @a企业管理
690    @aF279.295.2@v4
701  0 @a杨在军@9yang zai jun@f(1974~)@4著
801  0 @aCN@b大连网信软件有限公司图书馆·11@c20150323
905    @b0847817@dF279.295.2@e1189@f1
    
    晚清公司与公司治理/杨在军著.-北京:商务印书馆,2006
    309页;21cm
    河北经贸大学学术出版资金资助出版
    
    ISBN 7-100-05193-2:CNY18.00
    本书研究的重点是洋务运动及至清末新政前的典型公司形态——官督商办公司的治理。另外还对特许公司、官商合办公司的治理现状进行了深入的研究。
●
相关链接 在E读中查询图书 在五车中查询图书 在当当中查询图书 在豆瓣中查询图书


正题名:晚清公司与公司治理     索取号:F279.295.2/1189         预约/预借

序号 登录号 条形码 馆藏地/架位号 状态 备注
1 0847817   208478173   地方文献典藏中心/ [索取号:F279.295.2/1189] 在馆    
唐山师范学院图书馆 欢迎您!
大连网信软件有限公司© 版权所有